| Tag |
First Indicator |
Second Indicator |
Subfields |
| LEADER |
00000cam a2200000 a 4500 |
| 001 |
in00000010747 |
| 005 |
20151007051435.0 |
| 008 |
870924s1987 waua b 10110 eng d |
| 010 |
|
|
|a 86063864
|
| 020 |
|
|
|a 0892526831 (pbk.) :
|c $55.25
|
| 035 |
|
|
|a (OCoLC)16743620
|
| 035 |
|
|
|9 AAA2974AM
|
| 040 |
|
|
|a SCT
|c SCT
|d NAG
|d OCL
|d TXA
|d UtOrBLW
|
| 049 |
|
|
|a TXAM
|c [A12582219]
|
| 050 |
|
4 |
|a TA1505
|b .P49 1987
|
| 245 |
0 |
0 |
|a Photonics :
|b high bandwidth analog applications : 7-11 April 1986, Howey-in-the-Hills, Florida /
|c James Chang, editor ; sponsored by SPIE- -The International Society for Optical Engineering.
|
| 264 |
|
1 |
|a Bellingham, Wash. :
|b SPIE,
|c [1987]
|
| 264 |
|
4 |
|c ©1987
|
| 300 |
|
|
|a viii, 341 pages :
|b illustrations ;
|c 28 cm.
|
| 336 |
|
|
|a text
|b txt
|2 rdacontent
|
| 337 |
|
|
|a unmediated
|b n
|2 rdamedia
|
| 338 |
|
|
|a volume
|b nc
|2 rdacarrier
|
| 490 |
1 |
|
|a SPIE Institutes for Advanced Optical Technologies ;
|v 3rd
|
| 490 |
1 |
|
|a SPIE ;
|v v. 648
|
| 504 |
|
|
|a Includes bibliographical references and index.
|
| 650 |
|
0 |
|a Photonics
|v Congresses.
|
| 650 |
|
0 |
|a Fiber optics
|v Congresses.
|
| 700 |
1 |
|
|a Chang, James.
|
| 700 |
1 |
|
|a Potter, Roy F.
|
| 710 |
2 |
|
|a Society of Photo-optical Instrumentation Engineers.
|
| 740 |
0 |
|
|a High bandwidth analog applications.
|
| 830 |
|
0 |
|a SPIE institutes for advanced optical technologies ;
|v 3rd.
|
| 830 |
|
0 |
|a Proceedings of SPIE--the International Society for Optical Engineering ;
|v v. 648.
|
| 999 |
|
|
|a MARS
|
| 999 |
f |
f |
|s 50b951e3-3fa9-378a-8db0-174f9b64c6aa
|i e10e130a-ce55-377b-86a2-c9f88a0ea378
|t 0
|
| 952 |
f |
f |
|p ric
|a Texas A&M University
|b Rellis Campus
|c Joint Library Facility
|d Remote Storage
|t 0
|e TA1505 .P49 1987
|h Library of Congress classification
|i unmediated -- volume
|m A14812582219
|
| 998 |
f |
f |
|a TA1505 .P49 1987
|t 0
|l Remote Storage
|